West Ham United Squad 2014-2015 - Statistics

General Stats
  • This quiz has been taken 17 times
  • The average score is 16 of 26
Answer Stats
# Position Nation Player % Correct
3 DF England Aaron Cresswell
93%
13 GK Spain Adrián
93%
2 DF New Zealand Winston Reid
93%
9 FW England Andy Carroll
87%
31 FW Ecuador Enner Valencia
87%
16 MF England Mark Noble
87%
19 DF Wales James Collins
80%
- Coach England Sam Allardyce
80%
8 MF Senegal Cheikhou Kouyaté
73%
15 FW Senegal Diafra Sakho
73%
5 DF England James Tomkins
73%
22 GK Finland Jussi Jääskeläinen
73%
12 FW Portugal Ricardo Vaz Tê
67%
4 MF England Kevin Nolan
60%
11 MF England Stewart Downing
60%
30 MF Cameroon Alex Song
53%
24 FW England Carlton Cole
53%
10 FW Argentina Mauro Zárate
53%
7 FW England Matt Jarvis
47%
23 MF Uruguay Diego Poyet
40%
25 DF Canada Doneil Henry
40%
20 DF Ivory Coast Guy Demel
40%
21 FW France Morgan Amalfitano
40%
18 DF England Carl Jenkinson
33%
17 DF Ireland Joey O'Brien
33%
12 FW Brazil Nenê
27%
No matching quizzes found
Score Distribution
Percent of People with Each Score
Percentile by Number Answered
Your Score History
You have not taken this quiz